000 00766nam a2200265Ia 4500
003 OSt
005 20220928122603.0
006 a|||||r|||| 00| 0
007 ta
008 220927b |||||||| |||| 00| 0 eng d
020 _cUKP 120.00
024 _a141372
037 _b01, 06/12/2019, Better Book Service
_cTextual
040 _aSDCL
_cSDCL
_beng
041 _2eng
_aeng
082 _aO-,1M:g, Q9
100 _aArmstrong Isobel
_9434415
245 0 _aVictorian poetry
_b Poetry, poetics and politics
250 _a2
260 _aNew York
_b Routledge
_c2019
300 _axiv,556p.
_ccm.
650 _aEnglish
942 _hO-,1M:g, Q9
_cTEXL
_2CC
999 _c771964
_d771964